000 00986nac a22002657a 4500
001 BR7907033
003 BR-BrBNA
005 20240105114531.0
008 230509b bl.|||m| |||| 00| 0 por d
040 _aBR-BrBNA
_bpor
_cBiblioteca Nacional de Agricultura
072 _aE15
090 _a9320 BR7907033
110 1 _aCooperativa Central dos Produtores de Acucar e Alcool do Estado de Sao Paulo, Sao Paulo (Brasil)
_92827
245 1 _aRelatorio da diretoria - balanco patrimonial - 1978/1979 [Cooperativa Central dos Produtores de Acucar e Alcool do Estado de Sao Paulo, Brasil]
260 3 _aSao Paulo, SP (Brasil):
_c1979.
300 _a36 p.
490 _aRelatorio - Cooperativa Central dos Produtores de Acucar e Alcool do Estado de Sao Paulo (Brazil)
_v
_x
500 _a10 tables
650 _aCOOPERATIVA DE PRODUTORES
650 _aACUCAR
650 _aALCOOL
650 _aSAO PAULO
909 _a202312
_bLúcia Elande
_c55
_dLúcia Elande
942 _2AGRIS
_n0
_cMS
999 _c269898
_d269898